000 00437nam a2200181Ia 4500
008 230524s9999 xx 000 0 und d
020 _a8187328541
082 _a4.16
_bSAR
100 _aN.Saravanan
245 0 _aComputer Programming Laboratory Manual
250 _aREP2001
260 _aNEW DELHI
_bScitech
_c2001
300 _aXVII812
500 _aQuantity Number: 3
650 _aComp-Sc
700 _a S.Shanthi
942 _cBK
999 _c6259
_d6259